[Event "Kiev Independence Cup-A 8th"]
[Site "Kiev"]
[Date "2008.08.16"]
[Round "4"]
[White "Nogin, Nikolai"]
[Black "Shumilov, Ilya"]
[Result "1/2-1/2"]
[WhiteElo "2305"]
[BlackElo "2286"]
[PlyCount "60"]
[EventDate "2008.08.13"]
[EventType "swiss"]
[EventRounds "11"]
[EventCountry "UKR"]
[SourceTitle "CBM 126 Extra"]
[Source "ChessBase"]
[SourceDate "2008.11.05"]
[SourceVersion "1"]
[SourceVersionDate "2008.11.05"]
[SourceQuality "1"]

1. d4 d5 2. Bg5 c6 3. Nf3 Nd7 4. e3 Ngf6 5. c4 e6 6. Nc3 Qa5 7. Nd2 Bb4 8. Qc2 0-0 9. Be2 e5 10. Bxf6 Nxf6 11. dxe5 Ne4 12. Ndxe4 dxe4 13. 0-0 Bxc3 14. Qxc3 Qxc3 15. bxc3 Re8 16. Rfd1 Kf8 17. Rab1 Rxe5 18. Rd8+ Re8 19. Rxe8+ Kxe8 20. c5 Kd8 21. Rb4 f5 22. f3 exf3 23. Bxf3 Kc7 24. e4 Bd7 25. exf5 Bxf5 26. g4 Be6 27. Re4 Kd7 28. Rd4+ Kc7 29. Re4 Kd7 30. Rd4+ Kc7 1/2-1/2

[Event "Kiev Independence Cup-B 7th"]
[Site "Kiev"]
[Date "2007.08.06"]
[Round "4"]
[White "Gordiyenko, Anna"]
[Black "Nogin, Nikolai"]
[Result "0-1"]
[WhiteElo "2087"]
[BlackElo "2253"]
[PlyCount "108"]
[EventDate "2007.08.03"]
[EventType "swiss"]
[EventRounds "9"]
[EventCountry "UKR"]
[SourceTitle "EXT 2023"]
[Source "ChessBase"]
[SourceDate "2022.10.05"]
[SourceVersion "1"]
[SourceVersionDate "2022.10.05"]
[SourceQuality "1"]

1. d4 Nf6 2. Nf3 g6 3. Bg5 Bg7 4. Nbd2 0-0 5. e4 d6 6. Bd3 c5 7. dxc5 dxc5 8. 0-0 Nc6 9. Re1 Qc7 10. c3 h6 11. Bh4 Nh5 12. Qc2 e5 13. a4 Be6 14. Bc4 Nf4 15. Bxe6 Nxe6 16. Nc4 Nf4 17. Red1 g5 18. Bg3 Rad8 19. Ne3 Ne7 20. b3 Rxd1+ 21. Rxd1 Rd8 22. Nc4 f6 23. Kf1 Bf8 24. Rxd8 Qxd8 25. Qd2 Qxd2 26. Nfxd2 Nc6 27. Bxf4 exf4 28. Ke2 Kf7 29. Nf3 Ke6 30. g4 fxg3 31. fxg3 f5 32. Ke3 b6 33. h3 g4 34. hxg4 fxg4 35. Nh4 Bg7 36. Nf5 Bxc3 37. Nxh6 Nd4 38. Nxg4 Nxb3 39. Nh6 a6 40. Nf5 b5 41. axb5 axb5 42. Na3 b4 43. Nc2 Nd2 44. Kd3 c4+ 45. Ke3 b3 46. Na3 b2 47. Nd4+ Kf7 48. Ndb5 Bb4 49. Kd4 c3 50. Kd3 Nxe4 51. Kc2 Nd2 52. Nxc3 Bxa3 53. Nb1 Nxb1 54. Kxb1 Kg6 0-1

[Event "Kiev Independence Cup-A 6th"]
[Site "Kiev"]
[Date "2006.08.22"]
[Round "10"]
[White "Borzov, Dmitri"]
[Black "Nogin, Nikolai"]
[Result "0-1"]
[WhiteElo "2201"]
[BlackElo "2321"]
[PlyCount "50"]
[EventDate "2006.08.13"]
[EventType "swiss"]
[EventRounds "11"]
[EventCountry "UKR"]
[SourceTitle "CBM 113 Extra"]
[Source "ChessBase"]
[SourceDate "2006.09.14"]
[SourceVersion "1"]
[SourceVersionDate "2006.09.14"]
[SourceQuality "1"]

1. d4 d5 2. c4 c6 3. Nf3 Nf6 4. Nc3 dxc4 5. a4 Bg4 6. Ne5 Bh5 7. f3 e6 8. e4 Bb4 9. Be2 b5 10. 0-0 Nfd7 11. Be3 Bxc3 12. bxc3 0-0 13. Qb1 a6 14. Rd1 Qc7 15. axb5 cxb5 16. Nxd7 Nxd7 17. Qb4 f5 18. Qe7 fxe4 19. Qxe6+ Kh8 20. Rxa6 exf3 21. Bxf3 Bxf3 22. gxf3 Rae8 23. Qd6 Qb7 24. Bg5 Qxf3 25. Raa1 Re4 0-1

[Event "Kiev Independence Cup-A 6th"]
[Site "Kiev"]
[Date "2006.08.13"]
[Round "1"]
[White "Nogin, Nikolai"]
[Black "Brozhik, Vasilij"]
[Result "1-0"]
[WhiteElo "2321"]
[BlackElo "2189"]
[PlyCount "89"]
[EventDate "2006.08.13"]
[EventType "swiss"]
[EventRounds "11"]
[EventCountry "UKR"]
[SourceTitle "CBM 113 Extra"]
[Source "ChessBase"]
[SourceDate "2006.09.14"]
[SourceVersion "1"]
[SourceVersionDate "2006.09.14"]
[SourceQuality "1"]

1. d4 Nf6 2. c4 g6 3. Nc3 d5 4. Nf3 Bg7 5. Bg5 c6 6. e3 0-0 7. Bd3 Nbd7 8. 0-0 dxc4 9. Bxc4 Nb6 10. Bb3 Bg4 11. h3 Bf5 12. Nh4 Bd7 13. e4 Re8 14. Re1 Rc8 15. Rc1 c5 16. d5 c4 17. Bc2 h6 18. Be3 e6 19. Nf3 e5 20. Qd2 Kh7 21. Nh2 Qe7 22. f4 exf4 23. Bxf4 Qb4 24. Rb1 Ng8 25. e5 Rcd8 26. Kh1 Bc8 27. a3 Qa5 28. Rbd1 Ne7 29. Be4 Nc6 30. Nf3 Be6 31. dxe6 Rxd2 32. exf7 Rf8 33. Bxd2 Rxf7 34. e6 Rf8 35. Nh4 Qc5 36. Nxg6 Re8 37. Be3 Qa5 38. e7 Kg8 39. Bxc6 bxc6 40. Rd8 Kf7 41. Rf1+ Kxg6 42. Rxe8 Qe5 43. Bd2 Qd6 44. Ne4 Qd3 45. Ref8 1-0

[Event "Kiev Independence Cup-B 6th"]
[Site "Kiev"]
[Date "2006.08.09"]
[Round "8"]
[White "Pak, Voller"]
[Black "Nogin, Nikolai"]
[Result "1/2-1/2"]
[WhiteElo "2093"]
[BlackElo "2321"]
[PlyCount "88"]
[EventDate "2006.08.02"]
[EventType "swiss"]
[EventRounds "9"]
[EventCountry "UKR"]
[SourceTitle "CBM 113 Extra"]
[Source "ChessBase"]
[SourceDate "2006.09.14"]
[SourceVersion "1"]
[SourceVersionDate "2006.09.14"]
[SourceQuality "1"]

1. d4 d5 2. c4 c6 3. e3 Nf6 4. Nf3 a6 5. Nc3 Bg4 6. cxd5 cxd5 7. Qb3 Bc8 8. Ne5 e6 9. a4 Bd6 10. Be2 0-0 11. 0-0 Nc6 12. f4 Bd7 13. Bd2 Na5 14. Qd1 Rc8 15. g4 Nc4 16. g5 Nxd2 17. Qxd2 Bxe5 18. dxe5 Ne4 19. Nxe4 dxe4 20. Rfd1 Bc6 21. Qb4 Bd5 22. Rac1 Rxc1 23. Rxc1 f6 24. exf6 gxf6 25. h4 fxg5 26. hxg5 h6 27. Kh2 hxg5 28. Rg1 Rf5 29. Bg4 Rf7 30. Qd4 Qf8 31. Bh5 Rg7 32. Qe5 gxf4 33. exf4 Rxg1 34. Kxg1 Qg7+ 35. Qxg7+ Kxg7 36. Kf2 Kf6 37. Ke3 e5 38. a5 exf4+ 39. Kxf4 Bc6 40. Bg4 Bd5 41. Bh3 Ke7 42. b4 Bc6 43. Bf1 Kd7 44. Be2 e3 1/2-1/2

[Event "Kiev Independence Cup-B 5th"]
[Site "Kiev"]
[Date "2005.08.09"]
[Round "8"]
[White "Nogin, Nikolai"]
[Black "Kernazhitsky, Leonid"]
[Result "0-1"]
[WhiteElo "2321"]
[BlackElo "2358"]
[PlyCount "120"]
[EventDate "2005.08.02"]
[EventType "swiss"]
[EventRounds "9"]
[EventCountry "UKR"]
[SourceTitle "CBM 107 Extra"]
[Source "ChessBase"]
[SourceDate "2005.09.01"]
[SourceVersion "1"]
[SourceVersionDate "2005.09.01"]
[SourceQuality "1"]

1. e4 c5 2. Nf3 e6 3. Nc3 Nc6 4. g3 d5 5. exd5 exd5 6. d4 Bg4 7. Bg2 Nxd4 8. 0-0 Nf6 9. Qe1+ Be6 10. Nxd4 cxd4 11. Ne2 Qb6 12. Nf4 Be7 13. Qe5 Rc8 14. Nxe6 fxe6 15. Bh3 Rc6 16. Re1 Kf7 17. a4 a5 18. Bg5 h6 19. Bf4 Ne4 20. Qh5+ g6 21. Qf3 Bf6 22. Be5 Qd8 23. Bg2 Kg7 24. Rxe4 dxe4 25. Qxe4 Rf8 26. Rd1 Qc8 27. Bf1 Bxe5 28. Qxe5+ Rf6 29. Bd3 Qc7 30. Qxd4 Qd6 31. Qe3 Qc5 32. Qe2 Rc7 33. b3 Rcf7 34. Rf1 e5 35. Kg2 Qd4 36. f3 Rd7 37. Re1 Re7 38. Be4 Rd6 39. Bd3 Qb4 40. Qf2 Qc3 41. Re3 Qd4 42. Qe2 Qd5 43. Re4 g5 44. h4 gxh4 45. Rxh4 Kh8 46. Qe3 Qc6 47. Rh5 Rf6 48. Be4 Qd6 49. c4 b6 50. Bd5 Kg7 51. Rh4 Rg6 52. Re4 Qc5 53. Qe2 Kf6 54. f4 Reg7 55. Re3 Qd4 56. fxe5+ Ke7 57. Qf2 h5 58. e6 h4 59. Re2 Rxg3+ 60. Kf1 Qg4 0-1

[Event "Kurass Memorial op 06th"]
[Site "Kiev"]
[Date "2005.06.28"]
[Round "8"]
[White "Nogin, Nikolai"]
[Black "Nikulenkov, Anatoly"]
[Result "1/2-1/2"]
[WhiteElo "2321"]
[BlackElo "2251"]
[PlyCount "109"]
[EventDate "2005.06.21"]
[EventType "swiss"]
[EventRounds "9"]
[EventCountry "UKR"]
[SourceTitle "CBM 107 Extra"]
[Source "ChessBase"]
[SourceDate "2005.09.01"]
[SourceVersion "1"]
[SourceVersionDate "2005.09.01"]
[SourceQuality "1"]

1. d4 d5 2. Bg5 Nf6 3. e3 Ne4 4. Bh4 c5 5. f3 Qa5+ 6. c3 Nd6 7. Nd2 cxd4 8. exd4 Bf5 9. Nb3 Qb6 10. Bd3 Nd7 11. Bf2 e6 12. Ne2 Bxd3 13. Qxd3 Nc4 14. Rb1 Bd6 15. 0-0 0-0 16. Nd2 Qc7 17. Bg3 Nxd2 18. Qxd2 b5 19. Bxd6 Qxd6 20. f4 f5 21. Ng3 Nf6 22. Qe2 Rab8 23. Qe5 Qxe5 24. fxe5 Ne4 25. Nxe4 fxe4 26. Rbc1 Rxf1+ 27. Kxf1 Kf7 28. Ke2 Rc8 29. b3 Ke7 30. Kd2 Rc6 31. h4 Ra6 32. Rc2 Rc6 33. Ke3 Kd7 34. Kd2 Rc8 35. Rc1 Rf8 36. Ke3 Rc8 37. Kd2 a5 38. a3 Rc7 39. Rf1 Ke7 40. Rb1 Kf7 41. a4 bxa4 42. bxa4 Rc4 43. Rb7+ Kg6 44. g4 Rxa4 45. Re7 Ra1 46. Rxe6+ Kf7 47. Ra6 a4 48. c4 Ra2+ 49. Ke3 Ra3+ 50. Ke2 dxc4 51. d5 Rd3 52. e6+ Ke7 53. Ra7+ Ke8 54. Ra8+ Ke7 55. Ra7+ 1/2-1/2

[Event "Kiev-ch"]
[Site "Kiev"]
[Date "2005.01.17"]
[Round "3"]
[White "Nogin, Nikolai"]
[Black "Stratulat, Sergey"]
[Result "1/2-1/2"]
[WhiteElo "2364"]
[BlackElo "2187"]
[PlyCount "69"]
[EventDate "2005.01.15"]
[EventType "swiss"]
[EventRounds "11"]
[EventCountry "UKR"]
[SourceTitle "CBM 104 Extra"]
[Source "ChessBase"]
[SourceDate "2005.03.01"]
[SourceVersion "1"]
[SourceVersionDate "2005.03.01"]
[SourceQuality "1"]

1. d4 Nf6 2. c4 e6 3. Nf3 d5 4. Nc3 c6 5. Bg5 h6 6. Bxf6 Qxf6 7. e3 Nd7 8. Rc1 Bd6 9. Bd3 Qe7 10. 0-0 0-0 11. e4 dxe4 12. Nxe4 Bf4 13. Rc2 c5 14. dxc5 Nxc5 15. Nxc5 Qxc5 16. Qe2 Bc7 17. Rd1 f5 18. Qe1 e5 19. b4 Qe7 20. c5 e4 21. Bc4+ Be6 22. Bxe6+ Qxe6 23. Nd4 Qe5 24. g3 a6 25. Qe3 Rf6 26. f4 Qe8 27. Rcd2 Rd8 28. Ne2 Rxd2 29. Qxd2 Rf7 30. Nc3 b6 31. Nd5 bxc5 32. bxc5 Qc6 33. Qd4 a5 34. Ne3 Qg6 35. Rf1 1/2-1/2

[Event "Stepichev Memorial 12th"]
[Site "Kiev"]
[Date "2004.12.28"]
[Round "8"]
[White "Karnaukh, Anatolij"]
[Black "Nogin, Nikolai"]
[Result "1/2-1/2"]
[WhiteElo "2248"]
[BlackElo "2364"]
[PlyCount "38"]
[EventDate "2004.12.21"]
[EventType "swiss"]
[EventRounds "9"]
[EventCountry "UKR"]
[SourceTitle "CBM 104 Extra"]
[Source "ChessBase"]
[SourceDate "2005.03.01"]
[SourceVersion "1"]
[SourceVersionDate "2005.03.01"]
[SourceQuality "1"]

1. Nf3 Nf6 2. c4 c5 3. d4 cxd4 4. Nxd4 Nc6 5. Nxc6 bxc6 6. g3 d5 7. Bg2 e6 8. 0-0 Be7 9. Nc3 0-0 10. e4 dxc4 11. Qa4 Qb6 12. b3 cxb3 13. axb3 a5 14. Be3 Qb4 15. Rfc1 Bd7 16. Qxb4 Bxb4 17. Na4 Ng4 18. Bb6 c5 19. Nxc5 Nf6 1/2-1/2

[Event "Stepichev Memorial 12th"]
[Site "Kiev"]
[Date "2004.12.22"]
[Round "2"]
[White "Mazurkov, Anatolij"]
[Black "Nogin, Nikolai"]
[Result "1/2-1/2"]
[WhiteElo "2053"]
[BlackElo "2364"]
[PlyCount "27"]
[EventDate "2004.12.21"]
[EventType "swiss"]
[EventRounds "9"]
[EventCountry "UKR"]
[SourceTitle "CBM 104 Extra"]
[Source "ChessBase"]
[SourceDate "2005.03.01"]
[SourceVersion "1"]
[SourceVersionDate "2005.03.01"]
[SourceQuality "1"]

1. d4 Nf6 2. Nf3 c5 3. c3 b6 4. Bf4 Bb7 5. e3 g6 6. Nbd2 Bg7 7. Bd3 0-0 8. 0-0 d6 9. Qe2 Nbd7 10. h3 Re8 11. Bc4 e5 12. dxe5 Nxe5 13. Bxe5 dxe5 14. Ng5 1/2-1/2

[Event "Sakharov Memorial op 3rd"]
[Site "Kiev"]
[Date "2004.07.21"]
[Round "4"]
[White "Golichenko, Ilja"]
[Black "Nogin, Nikolai"]
[Result "1-0"]
[WhiteElo "2289"]
[BlackElo "2364"]
[PlyCount "113"]
[EventDate "2004.07.18"]
[EventType "swiss"]
[EventRounds "9"]
[EventCountry "UKR"]
[SourceTitle "EXT 2008"]
[Source "ChessBase"]
[SourceDate "2007.11.25"]
[SourceVersion "1"]
[SourceVersionDate "2007.11.25"]
[SourceQuality "1"]

1. d4 Nf6 2. c4 e6 3. Nc3 d5 4. cxd5 Nxd5 5. e4 Nxc3 6. bxc3 c5 7. Nf3 cxd4 8. cxd4 Nc6 9. Be2 Bb4+ 10. Bd2 Qa5 11. Bxb4 Qxb4+ 12. Qd2 Qxd2+ 13. Kxd2 Ke7 14. Ke3 Bd7 15. Rab1 b6 16. Rhc1 f6 17. Bb5 Rac8 18. Ba6 Rcd8 19. Rc4 g5 20. Rbc1 g4 21. Nd2 Nb8 22. Bb7 Bb5 23. Rc7+ Rd7 24. e5 fxe5 25. dxe5 Bc6 26. R7xc6 Nxc6 27. Bxc6 Rc7 28. Ne4 h5 29. Rc2 h4 30. Ba4 Rxc2 31. Bxc2 Rh5 32. Kd4 Rf5 33. Bd1 g3 34. hxg3 hxg3 35. f3 a6 36. Be2 b5 37. Nc5 a5 38. Bxb5 Rxf3 39. Ne4 Rf4 40. a4 Rh4 41. Ke3 Rh5 42. Nxg3 Rxe5+ 43. Ne4 Rd5 44. Nd2 Rg5 45. Kf2 Rf5+ 46. Kg1 Rf8 47. Nc4 Ra8 48. g3 Kf6 49. Kg2 e5 50. Kf3 Ra7 51. g4 Ke6 52. Ke4 Rg7 53. Nxe5 Rg5 54. Bd7+ Kf6 55. Bf5 Rg8 56. Nc6 Rg7 57. Kd5 1-0